[Event "DEN-ch"]
[Site "Odense"]
[Date "1994.??.??"]
[Round "4"]
[White "Pedersen, Steffen"]
[Black "Hansen, Curt"]
[Result "1/2-1/2"]
[WhiteElo "2420"]
[BlackElo "2580"]
[PlyCount "56"]
[EventDate "1994.07.??"]
[EventType "tourn"]
[EventRounds "9"]
[EventCountry "DEN"]
[EventCategory "10"]
[Source "ChessBase"]
[SourceDate "1994.08.01"]

1. d4 Nf6 2. c4 e6 3. Nf3 d5 4. Nc3 c5 5. cxd5 Nxd5 6. e4 Nxc3 7. bxc3 cxd4 8.
cxd4 Bb4+ 9. Bd2 Bxd2+ 10. Qxd2 O-O 11. Be2 Nc6 12. O-O e5 13. dxe5 Nxe5 14.
Rfd1 Nxf3+ 15. Bxf3 Qxd2 16. Rxd2 Be6 17. e5 Rab8 18. Bd5 Rfd8 19. Rad1 Rbc8
20. g3 Bxd5 21. Rxd5 Rxd5 22. Rxd5 g6 23. Rd7 Rc2 24. Rxb7 Rxa2 25. Rb8+ Kg7
26. Rb7 Kg8 27. Rb8+ Kg7 28. Rb7 Kg8 1/2-1/2

[Event "DEN-ch"]
[Site "Odense"]
[Date "1994.??.??"]
[Round "2"]
[White "Pedersen, Steffen"]
[Black "Mortensen, Erling"]
[Result "0-1"]
[WhiteElo "2420"]
[BlackElo "2470"]
[PlyCount "94"]
[EventDate "1994.07.??"]
[EventType "tourn"]
[EventRounds "9"]
[EventCountry "DEN"]
[EventCategory "10"]
[Source "ChessBase"]
[SourceDate "1994.08.01"]

1. d4 g6 2. e4 Bg7 3. Nf3 d6 4. c3 Nf6 5. Nbd2 O-O 6. Bc4 Nc6 7. O-O Nd7 8. Re1
e5 9. Nb3 Nb6 10. Bf1 Bg4 11. d5 Ne7 12. Be2 h6 13. Na5 Bc8 14. c4 Nd7 15. b4
f5 16. Nd2 Nf6 17. Qc2 fxe4 18. Nxe4 Nxe4 19. Qxe4 Bf5 20. Qe3 b6 21. Nb3 Kh8
22. Bb2 g5 23. Bd3 Qd7 24. Bxf5 Qxf5 25. Nd2 b5 26. Ne4 bxc4 27. Red1 Rab8 28.
Ba3 Qg6 29. Rac1 Rf4 30. Rxc4 Rb5 31. g3 Rf8 32. Qd3 Nxd5 33. Nc3 Qxd3 34. Rxd3
Nxc3 35. Rdxc3 e4 36. Rc2 d5 37. Rxc7 d4 38. Rxa7 d3 39. Rd2 Bd4 40. Bb2 Rxb4
41. Bxd4+ Rxd4 42. Rc7 Rb8 43. Rc1 Kg7 44. h3 Kf6 45. Re1 Rc8 46. Kf1 Ke5 47.
f3 Rf8 0-1

[Event "DEN-ch"]
[Site "Odense"]
[Date "1994.??.??"]
[Round "6"]
[White "Sahl, Bjarke"]
[Black "Hansen, Curt"]
[Result "0-1"]
[WhiteElo "2465"]
[BlackElo "2580"]
[PlyCount "64"]
[EventDate "1994.07.??"]
[EventType "tourn"]
[EventRounds "9"]
[EventCountry "DEN"]
[EventCategory "10"]
[Source "ChessBase"]
[SourceDate "1994.08.01"]

1. e4 c5 2. Nf3 e6 3. d4 cxd4 4. Nxd4 Nc6 5. Nb5 d6 6. c4 Nf6 7. N1c3 a6 8. Na3
Be7 9. Be2 O-O 10. O-O b6 11. Be3 Bb7 12. Qb3 Nd7 13. Rfd1 Nc5 14. Qc2 Bf6 15.
Qd2 Bxc3 16. Qxc3 Nxe4 17. Qb3 Rb8 18. Bxb6 Qe7 19. Qe3 Ba8 20. Bf3 f5 21. b3
Ne5 22. Bxe4 fxe4 23. Bd4 Nd3 24. Nc2 Rxf2 25. Rd2 Rf5 26. Qe2 Rbf8 27. Be3 e5
28. Rad1 Qh4 29. h3 Bc6 30. Kh2 h5 31. Bg1 Rf3 32. Ne3 Rf2 0-1

[Event "DEN-ch"]
[Site "Odense"]
[Date "1994.??.??"]
[Round "1"]
[White "Sahl, Bjarke"]
[Black "Pedersen, Steffen"]
[Result "0-1"]
[WhiteElo "2465"]
[BlackElo "2420"]
[PlyCount "104"]
[EventDate "1994.07.??"]
[EventType "tourn"]
[EventRounds "9"]
[EventCountry "DEN"]
[EventCategory "10"]
[Source "ChessBase"]
[SourceDate "1994.08.01"]

1. e4 c5 2. Nf3 d6 3. d4 cxd4 4. Nxd4 Nf6 5. Nc3 a6 6. a4 Nc6 7. g3 Bg4 8. f3
Nxd4 9. fxg4 Nc6 10. Be2 e6 11. O-O Be7 12. Kg2 Rc8 13. h4 O-O 14. Bf4 Qb6 15.
g5 Nd7 16. Qc1 Nce5 17. a5 Qc6 18. Rd1 f5 19. gxf6 Nxf6 20. Ra4 Ng6 21. Rc4
Nxf4+ 22. Qxf4 Qe8 23. Rxc8 Qxc8 24. Qe3 Qc7 25. Qb6 Qxb6 26. axb6 Rc8 27. e5
dxe5 28. Bf3 e4 29. Nxe4 Nd5 30. Kh3 Rxc2 31. b3 Rc6 32. Ng5 Rxb6 33. Nxe6 Ne3
34. Re1 Rxe6 35. Bd5 Nxd5 36. Rxe6 Kf7 37. Re5 Nb4 38. Re4 Nc6 39. g4 h6 40.
Kg3 Bd6+ 41. Kf3 Be5 42. g5 hxg5 43. hxg5 Ke6 44. Kg4 Kd5 45. Re1 b5 46. Rd1+
Nd4 47. Ra1 Nxb3 48. Rxa6 Nd4 49. Rb6 Kc5 50. Rb7 b4 51. Re7 Kd6 52. Rb7 b3 0-1

[Event "DEN-ch"]
[Site "Odense"]
[Date "1994.??.??"]
[Round "2"]
[White "Schandorff, Lars"]
[Black "Hansen, Curt"]
[Result "1/2-1/2"]
[WhiteElo "2430"]
[BlackElo "2580"]
[PlyCount "40"]
[EventDate "1994.07.??"]
[EventType "tourn"]
[EventRounds "9"]
[EventCountry "DEN"]
[EventCategory "10"]
[Source "ChessBase"]
[SourceDate "1994.08.01"]

1. e4 c5 2. Nf3 e6 3. c3 d5 4. exd5 Qxd5 5. d4 Nf6 6. Be2 Nc6 7. O-O cxd4 8.
cxd4 Be7 9. Nc3 Qd6 10. Nb5 Qd8 11. Bf4 Nd5 12. Bg3 a6 13. Nc3 O-O 14. Rc1 Nxc3
15. bxc3 b5 16. a4 b4 17. c4 Bf6 18. d5 exd5 19. cxd5 Ne7 20. Qb3 a5 1/2-1/2

[Event "DEN-ch"]
[Site "Odense"]
[Date "1994.??.??"]
[Round "9"]
[White "Schandorff, Lars"]
[Black "Mortensen, Erling"]
[Result "1/2-1/2"]
[WhiteElo "2430"]
[BlackElo "2470"]
[PlyCount "93"]
[EventDate "1994.07.??"]
[EventType "tourn"]
[EventRounds "9"]
[EventCountry "DEN"]
[EventCategory "10"]
[Source "ChessBase"]
[SourceDate "1994.08.01"]

1. e4 c5 2. c3 d6 3. d4 Nf6 4. Bd3 Nc6 5. Nf3 Bg4 6. d5 Bxf3 7. Qxf3 Ne5 8.
Bb5+ Ned7 9. a4 g6 10. a5 a6 11. Ba4 Bg7 12. Nd2 O-O 13. Nc4 Ne5 14. Nxe5 dxe5
15. Bc2 Ne8 16. O-O Nd6 17. Qe2 h5 18. f4 Kh7 19. f5 Rh8 20. Be3 Rc8 21. fxg6+
fxg6 22. c4 Rf8 23. Rxf8 Qxf8 24. Rf1 Qh8 25. Bd3 Bh6 26. Bf2 Qe8 27. Be1 Bg7
28. b4 Qa4 29. bxc5 Rxc5 30. Bf2 Rc8 31. c5 Ne8 32. Qb2 Qxa5 33. Qxb7 Rxc5 34.
Qxe7 Rc3 35. Be2 Nf6 36. Bf3 Qa4 37. Bh4 Qd4+ 38. Bf2 Qd2 39. Qb4 Qc2 40. Qb1
g5 41. Qxc2 Rxc2 42. g3 g4 43. Bg2 Bf8 44. Be3 Kg6 45. Ra1 Re2 46. Ba7 Rb2 47.
Rxa6 1/2-1/2

[Event "DEN-ch"]
[Site "Odense"]
[Date "1994.??.??"]
[Round "5"]
[White "Schandorff, Lars"]
[Black "Danielsen, Henrik"]
[Result "1/2-1/2"]
[WhiteElo "2430"]
[BlackElo "2480"]
[PlyCount "93"]
[EventDate "1994.07.??"]
[EventType "tourn"]
[EventRounds "9"]
[EventCountry "DEN"]
[EventCategory "10"]
[Source "ChessBase"]
[SourceDate "1994.08.01"]

1. e4 c6 2. d4 d5 3. e5 Bf5 4. Nf3 e6 5. Be2 c5 6. O-O Nc6 7. c3 Bg4 8. Nbd2
cxd4 9. cxd4 Nge7 10. h3 Bxf3 11. Nxf3 Nf5 12. b3 Rc8 13. Bb2 h5 14. Bd3 g6 15.
a3 Be7 16. b4 Kf8 17. Qd2 a6 18. Bc3 Qb6 19. Rfc1 Kg7 20. Rab1 Qa7 21. Bxf5
gxf5 22. Qd3 Qb6 23. Bd2 Qb5 24. Qe3 Na7 25. Qf4 h4 26. g3 hxg3 27. Qxg3+ Kf8
28. Kh2 Nc6 29. Bg5 Bxg5 30. Qxg5 Qe2 31. Qe3 Qxe3 32. fxe3 Ke7 33. a4 Rhg8 34.
b5 Na5 35. bxa6 bxa6 36. Rxc8 Rxc8 37. Rb6 Rc6 38. Rxc6 Nxc6 39. Kg3 Na5 40.
Nd2 f6 41. exf6+ Kxf6 42. Kf4 Nc4 43. Nb3 e5+ 44. dxe5+ Nxe5 45. Nc5 a5 46. Nb3
Nd3+ 47. Kf3 1/2-1/2

[Event "DEN-ch"]
[Site "Odense"]
[Date "1994.??.??"]
[Round "7"]
[White "Schandorff, Lars"]
[Black "Larsen, Bent"]
[Result "0-1"]
[WhiteElo "2430"]
[BlackElo "2560"]
[PlyCount "122"]
[EventDate "1994.07.??"]
[EventType "tourn"]
[EventRounds "9"]
[EventCountry "DEN"]
[EventCategory "10"]
[Source "ChessBase"]
[SourceDate "1994.08.01"]

1. e4 c5 2. c3 e6 3. d4 d5 4. exd5 exd5 5. Nf3 Nc6 6. Bb5 Bd6 7. dxc5 Bxc5 8.
O-O Nge7 9. Nbd2 O-O 10. Nb3 Bb6 11. Nbd4 Qd6 12. Re1 a6 13. Bd3 Ng6 14. Be3
Bc7 15. g3 Bg4 16. Qc2 Rae8 17. Bf5 Bxf5 18. Nxf5 Qd7 19. Bc5 Rxe1+ 20. Rxe1
Rd8 21. N3d4 Nxd4 22. Bxd4 f6 23. f4 b5 24. Bf2 Re8 25. Rxe8+ Qxe8 26. Qd3 Qe4
27. Qxe4 dxe4 28. Bd4 Nf8 29. Kf2 Ne6 30. Ke3 g6 31. Ne7+ Kf7 32. Nd5 f5 33.
Nb4 a5 34. Nd5 Bd8 35. Ba7 Ke8 36. b3 Kd7 37. c4 bxc4 38. bxc4 Kc6 39. Kd2 Nc7
40. Ne3 h5 41. Ng2 Be7 42. Be3 Na6 43. Kc3 Nc5 44. Kc2 a4 45. Kc3 Nd3 46. Bd4
Nc1 47. Kb2 Ne2 48. Be3 Bf6+ 49. Ka3 Nc3 50. Kb4 Nd1 51. Ba7 Nb2 52. Bg1 Be7+
53. Kc3 Nd3 54. Bd4 h4 55. gxh4 Bb4+ 56. Kc2 Ne1+ 57. Nxe1 Bxe1 58. h5 gxh5 59.
h3 Ba5 60. Be3 Bb6 61. Bc1 Bd4 0-1